| 000 | 01750cam a2200325 i 4500 | ||
|---|---|---|---|
| 003 | SA-RiAUC | ||
| 005 | 20250408063557.0 | ||
| 008 | 250407s2000 ku g b f00010 ara c | ||
| 020 | _a166689 | ||
| 040 |
_aSA-JeALM _bara _cSA-RiAUC _erda |
||
| 043 |
_aa-jo--- _aawgz--- |
||
| 082 | 0 | 4 | _a016.253902 |
| 090 |
_a016.253902 _b ب د و |
||
| 100 | 1 |
_aبدوي، محمد محمد _eمؤلف. |
|
| 245 | 1 | 0 |
_aكشافات أدبيات الأوقاف في المملكة الأردنية الهاشمية ودولة فلسطين / _cإعداد محمد بدوي ؛ جمع المادة وزارة الأوقاف والشؤون والمقدسات الإسلامية بالمملكة الأردنية الهاشمية ؛ مستشار الكشافات إبراهيم البيومي غانم، عيسى زكي شقرة. |
| 250 | _aالطبعة الاولى. | ||
| 264 | 1 |
_aالكويت : _aجدة، السعودية : _bالأمانة العامة للأوقاف ؛ _bالبنك الإسلامي للتنمية، _c2000 |
|
| 300 |
_a225 صفحة ؛ _c30 سم. |
||
| 336 |
_aنص _btxt _2rdacontent _3كتاب |
||
| 337 |
_aبدون وسيط _bn _2rdamedia |
||
| 338 |
_aمجلد _bnc _2rdacarrier |
||
| 440 | 0 | _aسلسلة كشافات أدبيات الأوقاف | |
| 650 | 7 |
_aالوقف _zالأردن _vببليوجرافيات _2aucsh |
|
| 650 | 7 |
_aالوقف _zفلسطين _vببليوجرافيات _2aucsh |
|
| 700 | 1 |
_aغانم، إبراهيم البيومي، _d1959- _eمشرف. |
|
| 700 | 1 |
_aشقرة، عيسى زكي عيسى محمد _eمشرف. |
|
| 710 | 1 |
_aالأردن. _bوزارة الأوقاف والشؤون والمقدسات الإسلامية _eجامع. |
|
| 942 |
_2ddc _cBOOK _n0 |
||
| 949 |
_aSA-JeALM _d250407 _uosman123 _n1 |
||
| 999 |
_c6761 _d6761 |
||